Most Spoken Language A-Z From Every Continent - Statistics

General Stats
  • This quiz has been taken 43 times
    16 since last reset
  • The average score is 45 of 150
Answer Stats
Speakers Letter Answer % Correct
L1: 411m L2: 70m A Arabic
100%
L1: 380m L2: 1.07b E English
86%
L1: 74m L2: 238m F French
86%
31m I Igbo
86%
15m K Kinyarwanda
86%
L1: 8m L2: 11m X Xhosa
86%
L1: 48m L2: 2m Y Yoruba
86%
L1: 9.6m L2: 2.7m C Czech
71%
L1: 25m L2: 5m D Dutch
71%
L1: 350k L2: 320k F Fijian
71%
L1: 95m L2: 80m G German
71%
L1: 58m L2: 36m H Hausa
71%
L1: 65m L2: 3.1m I Italian
71%
L1: 990m L2: 194m M Mandarin
71%
170k N Navajo
71%
45.5m O Oromo
71%
L1: 250m L2: 17m P Portuguese
71%
L1: 145m L2: 108m R Russian
71%
L1: 484m L2: 74m S Spanish
71%
L1: 5.3m L2: 92m S Swahili
71%
L1: 86m L2: 11m V Vietnamese
71%
L1: 8.2m L2: 9.5m W Wolof
71%
L1: 85m L2: 550k Y Yue
71%
L1: 12m L2: 16m Z Zulu
71%
7.5m A Albanian
57%
L1: 35m L2: 25m A Amharic
57%
1.7m A Aymara
57%
L1: 242m L2: 43m B Bengali
57%
L1: 91m L2: 35m F Farsi
57%
6.5m G Guaraní
57%
L1: 57m L2: 5m G Gujarati
57%
L1: 345m L2: 264m H Hindi
57%
14m H Hungarian
57%
123m J Japanese
57%
L1: 3.7m L2: 800k L Lao
57%
L1: 30k~ L2: 190k~ M Māori
57%
L1: 34m L2: 3.6m O Odia
57%
150m P Punjabi
57%
L1: 83m L2: 13m T Telugu
57%
L1: 130k L2: 4m T Tok Pisin
57%
L1: 33m L2: 6m U Ukrainian
57%
L1: 1.3m L2: 1.7m V Venda
57%
3.9m V Venetian
57%
83m W Wu
57%
38m X Xiang
57%
L1: 7.6m L2: 300k B Bulgarian
43%
7m C Chewa
43%
5m E Ewe
43%
1m F Fang
43%
13m H Haitian Creole
43%
3.2m J Jamaican Patois
43%
1.1m K Kʼicheʼ
43%
17k L Lau
43%
L1: 21m L2: 20m L Lingala
43%
L1: 5m L2: 10m L Low German
43%
L1: 19m L2: 14m N Nepali
43%
430k S Samoan
43%
L1: 78m L2: 168m U Urdu
43%
656k W Welsh
43%
600k Y Yiddish
43%
260k B Bajan Creole
29%
L1: 4.2m L2: 10m B Bambara
29%
20m C Cebuano
29%
L1: 8m G Gĩkũyũ
29%
120k G Gilbertese
29%
150k H Huli
29%
L1: 8.7m L2: 2m I Ilokáno
29%
81m K Korean
29%
260k M Mapuche
29%
5.7m N Neapolitan
29%
6.3m P Pulaar
29%
1m Q Qashqai
29%
6m S Southern Quechua
29%
32m S Sundanese
29%
L1: 4m L2: 810k T Tatar
29%
13m T Tswana
29%
7m U Úmbúndú
29%
420k W Wayuu
29%
800k Y Yucatec Maya
29%
290k C Caribbean Hindustani
14%
250k C Chʼol
14%
51k C Chuukese
14%
2.6m D Dogri
14%
L1: 2.6m L2: 10m D Dyula
14%
410k E Eastern Huasteca Nahuatl
14%
230k E Enga
14%
760 F Fox
14%
120k G Garífuna
14%
8k I Ikʉ
14%
51k J Judaeo-Spanish
14%
1.9m K Kabardian
14%
450k K Kichwa
14%
1.6m M Macedonian
14%
25m M Malagasy
14%
610k M Mam
14%
72k N Northern Embera
14%
L1: 4.7m L2: 9.1m N Northern Sotho
14%
500k O Occitan
14%
50k O Ojibwa
14%
142k P Purépecha
14%
76k V Virgin Islands Creole
14%
400k W Western Huasteca Nahuatl
14%
120k A Achi
0%
80k A Angal
0%
5k B Baudó Emberá
0%
35k B Boiken
0%
3k D Desano
0%
3.4k D Diuxi-Tilantongo Mixtec
0%
L1: 10k L2: 51k D Dobu
0%
51k E Eastern Bolivian Guaraní
0%
360k E Eastern Kayah
0%
1k F Fulniô
0%
2k H Harákmbut
0%
26k I Ipili
0%
120k I Ixil
0%
740 J Jaqaru
0%
650 J Jilim
0%
600k J Jju
0%
L1: 120k L2: 70k K Kuman
0%
15k L Lamas Quechua
0%
19k L Morelos Nahuatl
0%
13k N Nakanai
0%
55 O Ocaina
0%
47k O Orokaiva
0%
60k P Páez
0%
40k P Pohnpeian
0%
1.3m Q Qʼeqchiʼ
0%
<500 Q Quinqui
0%
740 R Rama
0%
12 R Reyesano
0%
3.2m R Rohingya
0%
720k R Ronga
0%
25k R Roviana
0%
36k S Sierra Popoluca
0%
63k T Ticuna
0%
590k T Tzeltal
0%
9k U Uripiv-Wala-Rano-Atchin
0%
800 U Urubú-Kaapor
0%
5.1k U Uspantek
0%
5.2k V Varisi
0%
2 V Vilela
0%
57k W Western Fijian
0%
2.5k X Xánica Zapotec
0%
9.6k X Xavante
0%
38k Y Yagaria
0%
100k Y Yaru Quechua
0%
1-5 Z Záparo
0%
4.5k Z Zia
0%
9.6k Z Zuni
0%
1.8m Z Zuǒjiāng Zhuàng
0%
No matching quizzes found
Score Distribution
Percent of People with Each Score
Percentile by Number Answered
Your Score History
You have not taken this quiz since the last reset